00501nam a2200145Ia 4500008004100000041000800041082002000049100001900069245002500088260005600113300003100169365001100200999001700211952012700228240624s9999 xx 000 0 und d aeng a338.5024658 CHA aCHATURVEDI D D aMANAGERIAL ECONOMICS c2011aNew DelhibInternational Book House Pvt. Ltd. avii, : 710 : p. : cm. ; 24 cRSb30 c18951d18951 00104070aIMTNbIMTNcRack 10-Bd2012-05-03eIBHg475.00o338.5024658 CHAp18951r2024-06-24 00:00:00t1w2024-06-24yBK